Návrh na zlepšenie procesu adaptácie zamestnancov v podniku Antolin Trnava, s.r.o. z hľadiska stratégie udržateľného spoločensky zodpovedného podnikania
Enregistré dans:
| Auteur principal: | |
|---|---|
| Autres auteurs: | |
| Format: | Manuscrit Livre |
| Langue: | slovaque |
| Publié: |
2020
|
| Sujets: | |
| Accès en ligne: | http://is.stuba.sk/zp/portal_zp.pl?podrobnosti=158401 |
| Tags: |
Pas de tags, Soyez le premier à ajouter un tag!
|
MARC
| LEADER | 00000ntm a22000003a 4500 | ||
|---|---|---|---|
| 001 | stuzp81417 | ||
| 003 | SK-STU | ||
| 005 | 20200704212612.4 | ||
| 007 | ta | ||
| 008 | 150427s2015----xo-----f-mn---000-0-slo-d | ||
| 040 | |a STU |b slo | ||
| 041 | 0 | |a slo | |
| 100 | 1 | |a Maslaňáková, Lucia |u 064000 |k Z4 |4 aut |U MTF Materiálovotechnologická fakulta |T MTF Ústav priemyselného inžinierstva a manažmentu |X 65491 |U M4000 |Y 84 |7 65491 | |
| 242 | 0 | 1 | |a A design of Improving the Employee Adaptation Process at company Antolin Trnava, L.t.d. from the point of view of the strategy of sustainable socially responsible business |y eng |
| 245 | 1 | 0 | |a Návrh na zlepšenie procesu adaptácie zamestnancov v podniku Antolin Trnava, s.r.o. z hľadiska stratégie udržateľného spoločensky zodpovedného podnikania |
| 260 | |c 2020 | ||
| 650 | 4 | |a riadenie ľudských zdrojov |2 slo | |
| 650 | 4 | |a adaptácia |2 slo | |
| 650 | 4 | |a proces adaptácie |2 slo | |
| 650 | 4 | |a personálny manažment |2 slo | |
| 650 | 4 | |a personal management |2 eng | |
| 650 | 4 | |a human resource management |2 eng | |
| 650 | 4 | |a adaptation |2 eng | |
| 650 | 4 | |a adaptation process |2 eng | |
| 700 | 1 | |a Fero, Martin |u 060100 |k Z1 |4 ths |U MTF Materiálovotechnologická fakulta |T MTF Centrum jazykov, humanitných vied a akademického športu |X 46611 |U M0100 |Y 472 |7 46611 | |
| 856 | 4 | |u http://is.stuba.sk/zp/portal_zp.pl?podrobnosti=158401 | |
| 996 | |c M* DP-14332 |l MMSKP |s P |a 0 |w stuzp81417_0001 | ||